| 000 | 01446cam a22003254a 4500 | ||
|---|---|---|---|
| 999 |
_c23975 _d23975 |
||
| 001 | 13461065 | ||
| 003 | Nust | ||
| 005 | 20170410170346.0 | ||
| 008 | 040116s2004 njua b 001 0 eng | ||
| 010 | _a2004001167 | ||
| 020 | _a047086074X (acidfree paper) | ||
| 020 | _a0470860758 (pbk. : acidfree paper) | ||
| 040 |
_aDLC _cRCMS _dDLC |
||
| 042 | _apcc | ||
| 050 | 0 | 0 |
_aTA331 _b.R74 2004 |
| 082 | 0 | 0 |
_a620/.001/511313 _22nd ed. |
| 100 | 1 | _aTimothy J. Ross | |
| 245 | 1 | 0 |
_aFuzzy logic with engineering applications / _c |
| 250 | _a2nd ed. | ||
| 260 |
_aHoboken, NJ : _bJohn Wiley, _cc2004. |
||
| 300 |
_axxi, 628 p. : _bill. ; _c25 cm. |
||
| 504 | _aIncludes bibliographical references and indexes. | ||
| 538 | _iShelf # 15, Row # 2, Communication. | ||
| 650 | 0 | _aEngineering mathematics. | |
| 650 | 0 | _aFuzzy logic. | |
| 856 | 4 | 2 |
_3Table of Contents Only. _uhttp://www.loc.gov/catdir/bios/wiley047/2004001167.html |
| 856 | 4 | 2 |
_3Publisher description _uhttp://www.loc.gov/catdir/description/wiley041/2004001167.html |
| 856 | 4 | 1 |
_3Table of contents _uhttp://www.loc.gov/catdir/toc/ecip0414/2004001167.html |
| 906 |
_a7 _bcbc _corignew _d1 _eecip _f20 _gy-gencatlg |
||
| 942 |
_2ddc _cBK |
||